Modern furniture : 150 years of design = Meubles modernes : 150 ans de design = Moderne möbel : 150 jahre design /

Bibliographic Details
Other Authors: Albus, Volker, 1949-
Format: Book
Language:English
French
German
Language Notes:Text in English, German and French.
Published: Königswinter, Germany : H.f.ullmann, [2009]
Subjects:

MARC

Tag First Indicator Second Indicator Subfields
LEADER 00000cam a2200000 a 4500
001 in00002507321
005 20231018144908.2
008 091105s2009 gw a b 001 0 eng d
020 |a 9783833150494 
020 |a 3833150491 
035 |a (OCoLC)ocn463531234 
040 |a SISPL  |c SISPL  |d BWK  |d YDX  |d TXA  |d UtOrBLW 
041 1 |a eng  |a fre  |a ger 
049 |a TXAM 
090 |a NK2385  |b .M63 2009 
245 0 0 |a Modern furniture :  |b 150 years of design = Meubles modernes : 150 ans de design = Moderne möbel : 150 jahre design /  |c Volker Albus [and others]. 
246 3 1 |a Meubles modernes 
246 3 1 |a Moderne möbel 
264 1 |a Königswinter, Germany :  |b H.f.ullmann,  |c [2009] 
264 4 |c ©2009 
300 |a 703 pages :  |b color illustrations ;  |c 31 cm. 
336 |a text  |b txt  |2 rdacontent 
337 |a unmediated  |b n  |2 rdamedia 
338 |a volume  |b nc  |2 rdacarrier 
504 |a Includes bibliographical references and index. 
546 |a Text in English, German and French. 
650 0 |a Furniture design. 
700 1 |a Albus, Volker,  |d 1949- 
945 |a PromptCat 
948 |a cataloged  |b h  |c 2010/3/4  |d c  |e dmitchel  |f 3:30:30 pm 
994 |a C0  |b TXA 
999 |a MARS 
999 f f |s 80db8788-6ae9-388e-9cca-88939c743886  |i 8a039f9c-89f9-37ec-8402-5a88111d7d92  |t 0 
952 f f |p normal  |a Texas A&M University  |b College Station  |c Sterling C. Evans Library  |d Evans: Library Stacks  |t 0  |e NK2385 .M63 2009  |h Library of Congress classification  |i unmediated -- volume  |m A14840055610 
998 f f |a NK2385 .M63 2009  |t 0  |l Evans: Library Stacks